| 000 | 00701nam a22001697a 4500 | ||
|---|---|---|---|
| 008 | 110717s2005 xxu|||r|r|| 00| 0 arar | ||
| 082 |
_222 _a210 _bط ن ط |
||
| 100 |
_926295 _aطنطاوي ، نهرو عبد الصبور |
||
| 245 |
_aقراءة للإسلام من جديد / _cتأليف نهرو عبد الصبور طنطاوي |
||
| 260 |
_aالقاهرة?][ : _bالمؤلف، 2005 _c2005 |
||
| 300 |
_a317 ص ؛ _c24 سم |
||
| 650 |
_913667 _aالإسلام |
||
| 650 |
_915034 _aالشريعة الإسلامية |
||
| 653 |
_bGeneral _cJuly2011 |
||
| 942 |
_2ddc _cBB |
||
| 999 |
_c15691 _d15691 |
||